Statistics for Digits of Pi

Click here to take the quiz!

General Stats

  • This quiz has been taken 64 times
  • The average score is 15 of 25

Answer Stats

Answer% Correct
3.
100%
14
94%
15
94%
35
83%
32
74%
65
74%
89
74%
92
74%
26
72%
79
72%
38
70%
43
66%
46
66%
95
60%
02
45%
27
45%
383
45%
88
45%
41
43%
16
40%
37
34%
51
34%
93
34%
97
34%
99
30%

Score Distribution

Percentile by Number Answered

Percent of People with Each Score

Your Score History

You have not taken this quiz